[Event "Sao Paulo Consciencia op 3rd"]
[Site "Sao Paulo"]
[Date "2015.04.19"]
[Round "3"]
[White "Quinteiro Neto, Gabriel Moreno"]
[Black "Queiroz, Stella Becker"]
[Result "0-1"]
[WhiteElo "1622"]
[BlackElo "1728"]
[PlyCount "72"]
[EventDate "2015.04.18"]
[EventType "swiss"]
[EventRounds "6"]
[EventCountry "BRA"]
[SourceTitle "CBM 166 Extra"]
[Source "ChessBase"]
[SourceDate "2015.06.18"]
[SourceVersion "1"]
[SourceVersionDate "2015.06.18"]
[SourceQuality "1"]

1. e4 c6 2. d4 d5 3. Nc3 dxe4 4. Nxe4 Nd7 5. Nf3 Ngf6 6. Bd3 Nxe4 7. Bxe4 Nf6 8. Bd3 Bg4 9. c3 e6 10. 0-0 Be7 11. Be2 0-0 12. Qc2 Bf5 13. Qb3 Qb6 14. Qxb6 axb6 15. h3 Rfd8 16. Rd1 Bc2 17. Rd2 Bb3 18. a3 b5 19. Bd3 b4 20. cxb4 Bxb4 21. Re2 Bd1 22. Re3 Bxf3 23. Rxf3 Rxd4 24. Rb1 Be7 25. b4 Rad8 26. Bc2 h6 27. Bb2 Rd2 28. Bb3 R2d3 29. Rxd3 Rxd3 30. Bc2 Rd2 31. Rc1 Ne4 32. b5 cxb5 33. g3 b4 34. Ba1 bxa3 35. Bb3 Bf6 36. Rc8+ Kh7 0-1